000 00718nam a22002417a 4500
003 UA-OsUOA
001 79258
007 ta
008 20111107b un ||||| |||| 00| 0 ukr d
100 _aГрибоедов А.С.
090 _a821.161.1
_bГ82
942 _cBK
040 _aUA-OsUOA
_brus
_cUA-OsUOA
_dUA-OsUOA
245 _aГоре от ума
_bкомедия; Комедии и драматические сцены; Стихотворения
300 _a368 с.
955 _a3
041 _arus
080 _a821.161.1
020 _a978-5-486-01571-7
260 _aМ.
_bМир книги
_c2007
650 7 _a82 Література. Літературознавство
_2UDC
999 _c365571
_d365571